Statistics for Original Pokémon Quiz

Click here to take the quiz!

General Stats

  • This quiz has been taken 448,142 times
    (448,022 since last reset)
  • The average score is 71 of 151

Answer Stats

#Pokémon% Correct
25Pikachu
94%
4Charmander
93%
1Bulbasaur
92%
6Charizard
91%
7Squirtle
90%
5Charmeleon
85%
9Blastoise
84%
26Raichu
83%
151Mew
83%
2Ivysaur
81%
8Wartortle
79%
150Mewtwo
79%
12Butterfree
74%
18Pidgeot
72%
10Caterpie
72%
16Pidgey
72%
3Venusaur
71%
11Metapod
70%
15Beedrill
69%
13Weedle
69%
17Pidgeotto
67%
19Rattata
66%
74Geodude
66%
14Kakuna
65%
95Onix
65%
144Articuno
64%
145Zapdos
64%
146Moltres
62%
133Eevee
61%
129Magikarp
61%
92Gastly
60%
149Dragonite
60%
63Abra
58%
23Ekans
58%
20Raticate
58%
93Haunter
57%
39Jigglypuff
57%
94Gengar
56%
65Alakazam
56%
64Kadabra
56%
76Golem
56%
24Arbok
56%
75Graveler
55%
21Spearow
55%
148Dragonair
55%
147Dratini
55%
136Flareon
53%
22Fearow
53%
52Meowth
53%
34Nidoking
52%
134Vaporeon
52%
135Jolteon
52%
29Nidoran♀
52%
31Nidoqueen
52%
32Nidoran♂
52%
120Staryu
50%
41Zubat
50%
68Machamp
50%
66Machop
49%
30Nidorina
49%
33Nidorino
48%
121Starmie
48%
37Vulpix
48%
43Oddish
48%
143Snorlax
48%
67Machoke
47%
51Dugtrio
47%
50Diglett
47%
44Gloom
46%
59Arcanine
46%
35Clefairy
46%
42Golbat
45%
124Jynx
45%
58Growlithe
45%
100Voltorb
45%
40Wigglytuff
45%
109Koffing
45%
106Hitmonlee
44%
130Gyarados
44%
53Persian
44%
77Ponyta
44%
110Weezing
44%
118Goldeen
43%
107Hitmonchan
43%
78Rapidash
43%
126Magmar
43%
69Bellsprout
43%
101Electrode
42%
89Muk
42%
38Ninetales
42%
131Lapras
41%
81Magnemite
41%
36Clefable
41%
45Vileplume
41%
54Psyduck
41%
122Mr. Mime
40%
27Sandshrew
39%
125Electabuzz
39%
82Magneton
38%
28Sandslash
38%
123Scyther
38%
119Seaking
38%
132Ditto
38%
88Grimer
37%
55Golduck
36%
56Mankey
36%
70Weepinbell
36%
113Chansey
35%
72Tentacool
35%
73Tentacruel
35%
140Kabuto
35%
86Seel
35%
49Venomoth
33%
48Venonat
33%
141Kabutops
33%
61Poliwhirl
32%
115Kangaskhan
32%
116Horsea
32%
79Slowpoke
32%
71Victreebel
32%
128Tauros
32%
87Dewgong
32%
112Rhydon
32%
60Poliwag
31%
57Primeape
31%
97Hypno
31%
104Cubone
31%
111Rhyhorn
31%
142Aerodactyl
30%
80Slowbro
30%
84Doduo
30%
117Seadra
29%
62Poliwrath
29%
96Drowzee
29%
46Paras
29%
139Omastar
28%
138Omanyte
28%
83Farfetch'd
27%
47Parasect
27%
105Marowak
27%
85Dodrio
26%
91Cloyster
26%
98Krabby
25%
137Porygon
25%
114Tangela
25%
127Pinsir
25%
90Shellder
24%
99Kingler
23%
108Lickitung
22%
103Exeggutor
19%
102Exeggcute
19%

Score Distribution

Percentile by Number Answered

Percent of People with Each Score

Your Score History

You have not taken this quiz since the last reset